UBT Library

INTERVIEWING STRATEGIES FOR HELPERS (Record no. 25058)

000 -LEADER
fixed length control field 00311nam a22001337a 4500
008 - FIXED-LENGTH DATA ELEMENTS--GENERAL INFORMATION
fixed length control field 170825b xxu||||| |||| 00| 0 eng d
020 ## - INTERNATIONAL STANDARD BOOK NUMBER
International Standard Book Number 9780534349165
041 ## - LANGUAGE CODE
Language code of text/sound track or separate title eng
080 ## - UNIVERSAL DECIMAL CLASSIFICATION NUMBER
Universal Decimal Classification number 047
100 ## - Rafti
Rafti 39
101 ## - Shkurtesa
Shkurtesa MED
245 ## - TITLE STATEMENT
Title INTERVIEWING STRATEGIES FOR HELPERS
Statement of responsibility, etc CORMIER.SH
942 ## - ADDED ENTRY ELEMENTS (KOHA)
Source of classification or shelving scheme
Item type Books
Holdings
Withdrawn status Lost status Source of classification or shelving scheme Damaged status Not for loan Collection code Permanent location Current location Shelving location Date acquired Total Checkouts Full call number Barcode Date last seen Price effective from Koha item type
          Koleksioni i përgjithshem UBT - Lipjan UBT - Lipjan Koleksioni i përgjithshem 08/25/2017   047 COR 002-2916771 08/25/2017 08/25/2017 Books
UBT Library © 2015-2024. All rights reserved University Education for Business and Technology